| 000 | 00327nam a22001097a 4500 | ||
|---|---|---|---|
| 082 | _a220 PRO | ||
| 100 |
_aOMAR,DR JAVED IQBAL,NASIR RASHID,HAMD UL MOQUEET _971955 |
||
| 245 | _aPR-SOF-1245-Unmanned Ground Vehicle (Tracked Reconfigurable | ||
| 260 |
_aISLAMABAD _bNUST COLLEGE OF EME _c2013 |
||
| 650 | _aDE-MTS-31 | ||
| 942 | _cCR | ||
| 999 |
_c578207 _d578207 |
||